Statistics for Europe True or False

Click here to take the quiz!

General Stats

  • This quiz has been taken 39 times
  • The average score is 10 of 15

Answer Stats

QuestionAnswer% Correct
Greenland is part of Iceland.False
91%
The United Kingdom is part of the European Union.False
91%
The capital city of Romania is Budapest.False
88%
The capital city of Albania is Tallinn.False
79%
3 countries are part of the BENELUX.True
79%
Excluding Russia, Finland is the country that has the northernmost point.False
76%
Russia borders 8 European countries.True
76%
Poland borders Russia.True
73%
The official currency of Switzerland is the Euro.False
67%
London is the most populous capital city in Europe.False
61%
4 countries have a double-headed eagle on their flag.False
58%
The capital of Europe is Brussels.True
48%
In Europe, there are exactly 3 countries that are islands.False
45%
Spain is the only country in Europe with pink in its flag.True
39%
Italy is the only country in Europe that borders two, so-called, microstates.False
36%

Score Distribution

Percentile by Number Answered

Percent of People with Each Score

Your Score History

You have not taken this quiz